000 00307nam a22001457a 4500
008 210311b ||||| |||| 00| 0 eng d
020 _a9780618291366
041 _aeng
080 _a510
082 _a510
100 _a36
101 _aMAT
245 _aMiddle School Math
_cLarson. R
942 _2udc
_cBK
999 _c56382
_d56382